[Event "POL-ch 62nd"]
[Site "Poznan"]
[Date "2005.05.05"]
[Round "13"]
[White "Bobras, Piotr"]
[Black "Szelag, Marcin"]
[Result "1-0"]
[WhiteElo "2501"]
[BlackElo "2497"]
[Annotator "Psakhis,L"]
[PlyCount "63"]
[EventDate "2005.04.21"]
[EventType "tourn"]
[EventRounds "13"]
[EventCountry "POL"]
[EventCategory "12"]
[SourceTitle "CBM 107"]
[Source "ChessBase"]
[SourceDate "2005.08.01"]
[SourceVersion "1"]
[SourceVersionDate "2005.08.01"]
[SourceQuality "1"]

1. e4 e6 2. d4 d5 3. Nc3 Bb4 4. e5 c5 5. a3 Bxc3+ 6. bxc3 Ne7 7. Qg4 Qa5 8. Bd2
O-O 9. Bd3 Nbc6 10. Nf3 (10. Qh5 h6 11. Nf3 c4 12. Be2 f6 $1 13. exf6 Rxf6 14.
Ne5 Nxe5 ({also interesting} 14... Qa4 15. Nxc6 Nxc6 16. Bd1 Bd7 17. O-O Raf8
18. g3 e5 19. dxe5 Rf5 20. Qg6 Nxe5 21. Qd6 Nf7 22. Qc5 Bc6 23. Bf4 Re8 $13 {
1/2-1/2 De Gleria,F-Goloshchapov,A/Montecatini Terme op 1999 (31)}) 15. Qxe5
Nc6 16. Qe3 Qa4 17. Ra2 Bd7 18. O-O Raf8 19. g3 Be8 20. Bg4 Nd8 21. Qe2 Bg6 $15
{0-1 Pedzich,D-Rustemov,A/Swidnica 1999/CBM 71 (39) and black seized
initiative.}) 10... f5 ({Provocative} 10... c4 $2 {doesn,t work well-} 11.
Bxh7+ $1 Kxh7 12. Qh5+ Kg8 13. Ng5 Rd8 14. Qh7+ Kf8 15. Qh8+ Ng8 16. Nh7+ Ke7
17. Qxg7 $16 {[%cal Rh2h8] gives to white terrific attack.}) 11. exf6 (11. Qh3
Qa4 12. Rg1 c4 13. Be2 Qxc2 14. Rc1 Qb2 15. g4 Na5 16. Bd1 Nb3 17. Rc2 Qxa3 18.
Bh6 Ng6 19. gxf5 Rxf5 20. Be3 Na1 21. Rc1 Nb3 22. Rc2 Na1 23. Rc1 Nb3 24. Rc2 {
1/2-1/2 Langheinrich,F-Kindermann,S/BL 0102 2002/The Week in Chess 385}) 11...
Rxf6 12. Qh5 Nf5 (12... g6 $146 {Weakened dark squares on the king,s side, but}
13. Qg5 Rf7 ({Deserves attention exchange sacrifice-} 13... Rxf3 {but I think
that after} 14. gxf3 c4 15. Be2 Bd7 16. h4 $1 {White,s chances are better any
case.}) 14. h4 $1 c4 15. Be2 Bd7 16. h5 Raf8 17. hxg6 Nxg6 18. Qh6 {Very
quickly White organized strong threats on the king side, and Black needs good
advice.} Nce7 (18... e5 19. Ng5) 19. Ng5 Nf5 20. Qh2 Rg7 21. Nxh7 {White has
now and material and positional advantage.} Rd8 22. g4 $1 Nfe7 (22... Nfh4 23.
Nf6+ Kf7 24. Nh5 Rh7 25. Qg3 $18) 23. Nf6+ Kf7 24. g5 (24. Nh5 $5 Rh7 25. Qg3
$16) 24... Nf5 $6 (24... Ba4 $5 25. Rc1 $1 {[%cal Ge2h5]}) 25. Bh5 $1 Ke7 26.
Bxg6 Rxg6 27. Qe5 $18 Kf7 28. Ke2 (28. Rh7+ Rg7 29. Nh5 $1 {wins immediately,
for example} Rxh7 30. g6+ Kg8 (30... Kxg6 31. Qf6+ Kxh5 32. Qg5#) 31. gxh7+
Kxh7 32. Nf6+ $18) 28... Ba4 29. Rh7+ Rg7 (29... Ng7 30. Nh5) 30. g6+ $1 Ke7 (
30... Kxg6 31. Rg1+) 31. Bg5 {1-0 Timoshenko,G-Schmidt,W/Koszalin-A 1999/CBM
73/[Psakhis,L]} (31. Bg5 Rxh7 32. gxh7 {[%cal Rf6g8,Rf6d5]})) (12... h6 $6 13.
Qe8+ Rf8 14. Bh7+ Kxh7 15. Qxf8 Qa4 16. O-O Qxc2 17. Rfe1 b6 18. Rac1 Qg6 19.
Qf4 Na5 20. dxc5 Nb3 21. Ne5 Qe8 22. Rb1 Nxc5 23. Be3 Ne4 24. Bd4 Bb7 25. f3
Nd6 26. Ng4 Nef5 27. Bxg7 Kxg7 28. Qe5+ $40 {1-0 Manik,M-Mikhalchishin,A/
Mitropa Cup Zemplinska Sirava 2004/ (51)}) 13. g4 (13. Ne5 $5 $146 {'una
novedad en una posición que se ha jugado mucho últimamente'} c4 ({Worth
considering} 13... Nxe5 14. dxe5 Rf7 (14... Rf8 15. g4 c4 (15... g6) (15... g6)
16. gxf5 cxd3 17. f6 $18) 15. c4 (15. g4 g6 16. Qg5 Ne7 17. h4 $5 c4 18. Be2
Qa4 $132 (18... Bd7 19. h5 Raf8 20. f4 $14)) (15. O-O $5) 15... Qc7 16. f4 d4
$13) 14. Bxf5 Rxf5 ({Weaker was} 14... exf5 $6 {after} 15. Nxc6 bxc6 (15...
Rxc6 $4 16. Qe8#) 16. Qe8+ Rf8 17. Qxc6 {'+/-'} Rb8 18. O-O {white's advantage
is obvious} (18. O-O f4 (18... Rb6 19. Qc7))) 15. Qe8+ Rf8 16. Nxc6 bxc6 17.
Qxc6 {'las blancas han ganado un peón' 'las blancas han ganado un peón'} Rb8
18. O-O Rb2 $14 {0-1 Topalov,V-Ponomariov,R/Leon rapid 2003/CBM 96/[Psakhis] 
(57) 'a pesar de haberse enfrentado a una novedad Ponomariov tiene más tiempo
que su rival casi 18 mn. contra 13' 'a pesar de haberse enfrentado a una
novedad Ponomariov tiene más tiempo que su rival casi 18 mn. contra 13'}) (13.
O-O c4 14. Bxf5 (14. Be2 Bd7 (14... Nd6 15. Qg5 Ne4 16. Qe3 Ne7 17. Bd1 Qb6 18.
Bc1 Ng6 19. Ng5 Nxg5 20. Qxg5 Bd7 21. Qg3 Ne7 22. Qe5 Ng6 {1/2-1/2 Bucher,
D-Romon Poves,R/EU-ch B20 Aviles 2000/ (22)}) 15. g4 Nd6 16. Ne5 Be8 17. Nxc6
bxc6 18. Qe5 Ne4 19. Be1 Qa4 20. Ra2 Qb5 21. f3 Qb1 22. fxe4 Rxf1+ 23. Bxf1 Bg6
{0-1 Grechihin,V-Tchernyi,V/Kaluga Tsiolkovsky mem op 2003/EXT 2005 (32)})
14... Rxf5 15. Qg4 Bd7 16. Qg3 Raf8 17. Bh6 R8f7 18. Nh4 Rh5 19. Bf4 Rxh4 20.
Qxh4 Qxc3 21. Be3 Qxc2 22. a4 b6 23. Qg3 Qe4 24. Rad1 h6 25. Rfe1 Qh7 26. Bf4
Kh8 27. Be5 Qc2 {Sibarevic-Sevo/YUG t-ch2 2000/0-1 (38)}) ({or} 13. dxc5 Qxc5 (
13... e5 $6 14. Nxe5 $1 Qxc5 15. O-O Nxe5 16. Qe8+ Rf8 17. Qxe5 $16) 14. g4 Nh6
15. g5 g6 16. Qh3 e5 17. Qg2 Rxf3 $5 (17... Rd6 $5) 18. Qxf3 e4 19. Qe3 Qxe3+
20. Bxe3 exd3 21. gxh6 dxc2 22. Kd2 Bf5 $15 {1-0 Korneev,O-Rodriguez Gerrero,E/
Sevilla op 2002 (34)}) (13. c4 $5 Qa4 14. cxd5 Ncxd4 15. Ng5 h6 16. Ne4 Rf8 17.
O-O b6 18. Ng3 Ba6 19. Nxf5 exf5 20. Bxa6 Qxa6 $13 {1/2-1/2 Seres,L-Erdos,V/
Budapest-4 GM 2003/The Week in Chess 441 (28)}) 13... c4 {'es la continuación
crítica. Un ejemplo ilustre, espectacular y reciente es'} 14. gxf5 (14. Be2 Nd6
15. Ne5 Ne4 16. Nxc6 bxc6 17. f3 Nxd2 18. Kxd2 c5 19. Qe5 cxd4 20. Qxd4 Qc7 21.
Ke3 Bb7 22. f4 Re8 23. Qe5 Qb6+ 24. Kd2 Qf2 25. Raf1 Qc5 {0-1 Videki,S-Farago,
I/HUN t-ch 2000/ChessBase (36)}) 14... cxd3 15. Rg1 Bd7 (15... dxc2 $2 16. Qe8+
Rf8 17. Rxg7+ $1 Kxg7 18. Bh6+ Kxh6 19. Qxf8+ Kh5 20. Qf7+ Kg4 21. h3+ Kxf3 22.
fxe6+ Ke4 23. Kd2 $18) (15... Qc7 $5 16. Bh6 Rxf5 17. Qe8+ Rf8 18. Bxg7 Rxe8
19. Be5+ Kf8 20. Bxc7 e5 (20... dxc2 21. Bd6+ Kf7 22. Be5 $16) 21. dxe5 dxc2
22. Kd2 Bf5 $132) 16. Qg5 (16. c4 Qc7 $1 {'It is necessary for Black to show
big care -'} (16... Qd8 $2 17. Bh6 Rf7 18. Ng5 Qa5+ 19. Kf1 Raf8 20. Nxf7 Rxf7
21. Bxg7 $1 Rxg7 22. f6 {1-0 Timman,J-Van Haastert,E/Amsterdam Lost Boys op
2002}) 17. Bh6 $40 Be8 18. Qh4 Rxh6 19. Qxh6 dxc4 (19... dxc2 20. Qxe6+ Kh8 21.
f6 Bf7 22. fxg7+ Kg8 23. Qf6 Qa5+ 24. Kf1 Qc3 25. Rc1 Qxa3 26. Kg2 dxc4 27.
Rxc2 Bd5 28. Rd2 Re8 {0-1 Golod,V-Terreaux,G/corr 2003/Telechess CBM 97 (71)})
20. cxd3 cxd3 21. f6 ({White failed to get any advantage after} 21. Rd1 Bg6 22.
Rxg6 hxg6 23. Qxg6 Qa5+ 24. Kf1 Qxf5 25. Qxf5 exf5 26. Rxd3 Rd8 27. d5 Rd6 {
1/2-1/2 Sax,G-Goloshchapov,A/Montecatini Terme op 1999 (35)}) 21... Bg6 $8 22.
Qxg7+ Qxg7 23. fxg7 Rd8 {'1/2-1/2 Shirov,A-Khalifman,A/Dos Hermanas-A 2003/CBM
95/[Psakhis] (43) 'It is not so easy to estimate correctly this position, but
it looks that Black can keep equal chances.'}) 16... Rf7 17. f6 $1 (17. cxd3
exf5 18. Ne5 Re8 19. f4 Nxe5 20. dxe5 Qa6 21. Ke2 Bb5 22. Qg3 Qa4 $13 {0-1
Vehi Bach,V-Garcia Martinez,S/Barbera del Valles op 2003/(48)}) 17... Qd8 (
17... dxc2 18. Qh6 $18) 18. Ne5 (18. Qh6 Qxf6 19. Qxf6 Rxf6 20. Ne5 Nxe5 21.
dxe5 Rf5 22. cxd3 Rxe5+ 23. Be3 Rh5 24. Rb1 Bc6 25. Bf4 e5 $17 {0-1 Sumets,
A-Drozdovskij,Y/Odessa-ch 2000 (40)}) (18. cxd3 Qxf6 19. Qxf6 Rxf6 20. Ne5 Nxe5
21. dxe5 Rf5 $11) 18... Nxe5 19. dxe5 dxc2 (19... d4 20. Qh6 Qf8 21. cxd4 g6
22. cxd3 $16) 20. Be3 {White's position is formidable despite the fact he is a
pawn down.} (20. Qh6 Qf8 21. Rc1 Kh8) 20... d4 $5 (20... Rc8 $5 21. Kd2 Qa5 (
21... Ba4 $6 22. Bd4 Rc4 23. Qe3 Kh8 24. Rg4 (24. fxg7+ Kg8 $1 $13 (24... Rxg7
$143 $2 25. Rxg7 Kxg7 26. Rg1+ Kh8 27. Qh6 Qe7 28. Qf6+ $1 Qxf6 29. exf6 $18 {
[%cal Rf6f7]})) 24... Qf8 (24... g6 25. h4 $40) 25. h4 {'!?'} b6 (25... Rfc7 $5
26. h5 $36 (26. Rag1 Qxa3 $132)) 26. h5 {1-0 Timoshenko,G-Farago,I/Nagykanizsa
2003 [Psakhis] (38) Black should have stuck to a passive defense.}) (21... Rc4
22. Qh6 (22. Bd4 Rxd4+ 23. cxd4 Qa5+ 24. Kc1 Qc3 25. Ra2 Qb3 26. Rxc2 Qxa3+ $11
) 22... Qf8 23. Bd4 $14) 22. Bd4 Rc4 23. Qe3 c1=Q+ (23... Be8 24. f4 Kf8 25.
Kc1 b6 ({Possibly Black should have preferred} 25... Qa6 $142 {for example:}
26. Qh3 (26. f5 exf5 27. e6 (27. Rxg7 Rxg7 28. Qh6 Rcc7 $8 29. fxg7+ Rxg7 30.
e6 Qf1+ 31. Kb2 Qb5+ $11) 27... Rxd4 $8 28. exf7 Rd1+ 29. Rxd1 cxd1=Q+ 30. Kxd1
Ba4+ 31. Kd2 Qxf6 $13) 26... Kg8 27. f5 exf5 28. Qxf5 Bd7) 26. f5 (26. Qh3 $5)
26... Ra4 (26... exf5 27. Rxg7 $1 Rxd4 (27... Rxg7 28. Qh6 Rcc7 29. fxg7+ Kg8
30. Qd6 $1 Rxg7 31. Qe6+ $18) 28. Rxf7+ Kxf7 29. cxd4 $18) 27. fxg7+ Kg8 (27...
Rxg7 28. Qh6) 28. Qh6 {1-0 Dominguez,L-Barsov,A/Calvia olm 2004/CBM 104/
[Psakhis] (28)}) (23... Qb5 $5 24. f4 Qb2 25. Rac1 Qxa3 26. f5 $140 exf5 27. e6
Rxd4+ $1 28. Qxd4 Bxe6) 24. Rgxc1 Ra4 25. Rg1 g6 26. Ke2 Rxa3 27. Rxa3 Qxa3 28.
h4 Qa2+ 29. Kf3 Qc2 {1/2-1/2 Fogarasi,T-Kristjansson,S/Budapest-02 GM 2005/The
Week in Chess 536 (52)}) (20... Qc7 21. Bd4 Bb5 22. Kd2 Qc4 23. Qe3 $16) (20...
Ba4 21. Qh6 Qc7 22. Bd4 {[%cal Ge1d2,Gg1g3,Ga1g1]}) ({Worth considering move} 
20... Kh8 $5 {with possible continuation} 21. Kd2 (21. fxg7+ Kg8 22. Qxd8+ Rxd8
23. Kd2 Ba4 $13) 21... d4 $1 22. Bxd4 Bc6 23. fxg7+ Kg8 24. Qxd8+ Rxd8 25. Kxc2
a6 26. Kd3 Rxf2 27. Raf1 Rxf1 28. Rxf1 Kxg7 {1/2-1/2 Zhigalko,A-Llobel Cortell,
E/ECC t-ch Izmir 2004/ (33)}) (20... Qf8 21. Bd4 Be8 22. Kd2 Rc7 23. Qg4 Qf7
24. h4 Kh8 25. Qh3 gxf6 26. exf6 Bb5 27. Rg7 Qh5 28. Qxe6 Rc4 29. Rag1 {
1-0 Bobras,P-Vysochin,S/Bad Wiessee op 2004/}) 21. Bxd4 $146 (21. Qh6 Qf8 22.
Bxd4 Bc6 23. Qf4 Qd8 24. Kd2 Qd5 25. Rg3 Qe4 26. Qh6 Bb5 27. Rxg7+ Kh8 28. Rag1
Rd8 29. Kc1 Rdf8 30. Qg5 {1-0 Gouliev,N-Clery,N/Bethune op-A 2004/The Week in
Chess 530 (30)}) 21... Bc6 {[%cal Cg5c1,Cc1c2,Gc6e4]} 22. Qe3 (22. h4 $5 {
[%cal Gh4h5]}) 22... Qd5 23. Kd2 Ba4 $6 (23... Qe4 $5 24. Rac1 $14 (24. Qh6 g6
{[%cal Ga8d8]})) ({Doesn't work well} 23... Rc8 24. Qh6 Rcc7 {because of} 25.
Rg4 $1 c1=Q+ $5 26. Rxc1 Bb5 27. c4 $1 {and Black's position is very
unpleasant, due to the exposed position of his king.For example:} Bxc4 28. Ke3
Kh8 29. fxg7+ Rxg7 (29... Kg8 $4 30. Qxh7+ $1) 30. Qf6 $18) 24. Qh6 $1 {
The key move of the whole attacking concept, black doesn't have enough pieces
ready to help to poor. weak king.} Qd7 25. Rg4 {White has got an excellent
attacking chances while Black still has no real counter play.} (25. Rg3 $5)
25... Kh8 $8 26. fxg7+ Kg8 (26... Rxg7 27. Qf6 h5 $8 (27... Qf7 28. Rxg7 Qxg7
29. Rg1 $1 Qxf6 30. exf6 $18) 28. Rg5 Qf7 29. Rag1 Qxf6 30. exf6 Rxg5 31. Rxg5
$18) 27. Rag1 $18 {[%cal Rh6h7]} Rxf2+ $2 (27... Qe7 28. Bc5 $1 Rd8+ (28...
Qxc5 $2 29. Qxh7+ $1 Kxh7 30. g8=Q+ Rxg8 31. Rh4#) 29. Bd6 Rxd6+ 30. exd6 Qxd6+
31. Rd4 $18) 28. Kc1 Qe7 $8 {[%csl Gh4]} 29. Bc5 $1 Qd8 30. Qxh7+ $1 Kxh7 31.
g8=Q+ Qxg8 32. Rh4# {It seems that Black has serious troubles in this popular
opening line.} 1-0

[Event "Rohde op 07th"]
[Site "Sautron"]
[Date "2007.11.01"]
[Round "7"]
[White "Delorme, Axel"]
[Black "Kosten, Anthony C"]
[Result "1/2-1/2"]
[WhiteElo "2328"]
[BlackElo "2519"]
[Annotator "RR"]
[PlyCount "56"]
[EventDate "2007.10.27"]
[EventType "swiss"]
[EventRounds "9"]
[EventCountry "FRA"]
[SourceTitle "EXT 2008"]
[Source "ChessBase"]
[SourceDate "2007.11.25"]
[SourceVersion "1"]
[SourceVersionDate "2007.11.25"]
[SourceQuality "1"]

1. e4 e6 2. d4 d5 3. Nc3 Bb4 4. e5 c5 5. a3 Bxc3+ (5... Ba5 {L'alternative} 6.
b4 $1 cxd4 (6... cxb4 7. Nb5 $1 bxa3+ (7... Nc6) 8. c3 {[%cal Gb5d6]})) 6. bxc3
Ne7 {La grande ligne de la Winawer dont la paternité de l'idée du sacrifice de
P revient au GMI soviétique Alatortsev au début des années 30 et popularisé
ensuite par Botvinnik} (6... Qc7) 7. Qg4 $1 {Relevant le défi} (7. h4) 7...
cxd4 8. Qxg7 Rg8 9. Qxh7 Qa5 {Botvinnik avait placé cette nouveauté en 1946
mais il avait eu une partie difficile et il n'avait pas recommencé а la jouer.
Par contre Portisch l'a joué plusieurs fois.} (9... Qc7 {La suite habituelle}
10. Ne2 Nbc6 $13) 10. Qd3 ({RR} 10. Rb1 Nbc6 11. Nf3 Bd7 12. Rxb7 Qxc3+ 13. Kd1
Na5 14. Rb4 Rc8 15. Ng5 Rf8 16. Bd3 Qc7 17. Re1 Nc4 18. Qg7 Nf5 19. Qf6 a5 20.
Rxc4 dxc4 21. Bxf5 Qd8 22. Qg7 Qe7 23. Ne4 exf5 24. Nd6+ Kd8 {Short,N (2630)
-Timman,J (2675)/Amsterdam 1988/CBM 006/1-0}) (10. Ne2 {Plus courant} dxc3 11.
Ng3 {[%cal Gg3h5,Gh5f6,Gf6g8,Gf6e8]} Nd7 12. Nh5 $14) 10... Nbc6 11. f4 Qxc3+ (
{RR} 11... dxc3 {RR} 12. Rb1 b6 13. h4 Nf5 14. Rh3 Bd7 15. h5 O-O-O 16. h6 Rg6
17. h7 Rh8 18. Nf3 Kb7 19. Rb3 d4 20. Rb5 Qa6 21. Ng5 Rxg5 22. fxg5 Nce7 23.
Rb4 Qxd3 24. Bxd3 a5 25. Be4+ Bc6 26. Bxc6+ Nxc6 {Rajlich,V (2257)-Portisch,F 
(2349)/Harkany 2001/EXT 2004/1-0 (35)}) 12. Qxc3 dxc3 13. Nf3 $146 (13. Ne2 {
Maric,M (2275)-Carton,N (2205) Oakham YM 0-1}) 13... d4 14. Kf2 $1 {[%cal
Gf2g2,Gf2g3,Gh2h4]} b6 15. h4 Nf5 16. Bd3 Bb7 (16... Ng3 17. Rh3) 17. Ng5 $1 {
[%csl Rf7]} Nh6 18. Be2 O-O-O 19. Rh3 Ne7 20. g4 Nd5 21. Rg3 Rd7 22. Ne4 {
[%csl Gd6]} Kc7 23. Nf6 (23. Nd6) 23... Nxf6 24. exf6 Rh8 25. h5 {[%csl Gh5]}
Be4 {Le GMI décide de ne pas prendre trop de risques en répétant la position}
26. Ra2 Bd5 27. Ra1 Be4 28. Ra2 Bd5 1/2-1/2

[Event "Cappelle op 31st"]
[Site "Cappelle la Grande"]
[Date "2015.03.03"]
[Round "5"]
[White "Gharamian, Tigran"]
[Black "Szabo, Gergely Andras"]
[Result "1/2-1/2"]
[WhiteElo "2651"]
[BlackElo "2543"]
[Annotator "RR"]
[PlyCount "39"]
[EventDate "2015.02.28"]
[EventType "swiss"]
[EventRounds "9"]
[EventCountry "FRA"]
[SourceTitle "EXT 2016"]
[Source "ChessBase"]
[SourceDate "2015.10.08"]
[SourceVersion "1"]
[SourceVersionDate "2015.10.08"]
[SourceQuality "1"]

1. e4 e6 2. d4 d5 3. Nc3 Bb4 4. e5 c5 5. a3 Bxc3+ 6. bxc3 Ne7 7. Qg4 Qc7 8. Bd3
(8. Qxg7) 8... c4 9. Be2 Nf5 10. Bd1 {Une ligne secondaire} (10. h4 Nc6 11. h5
h6 12. Nf3 Bd7 13. Nh4 Qa5 14. Bd2 Nce7 15. Nxf5 Nxf5 16. Qf4 Ba4 17. Rc1 Qc7
18. Rg1 Ne7 19. g4 f6 20. exf6 Qxf4 21. Bxf4 gxf6 22. Kd2 Kd7 23. Rce1 Nc8 24.
Bf1 Nd6 25. f3 Rae8 26. Rg2 Nf7 27. Rge2 Ng5 28. Bg2 Bc6 29. Rf2 Rhf8 30. Be3
Rg8 31. f4 Nf7 32. Bf3 f5 33. g5 hxg5 34. fxg5 Nxg5 35. Bxg5 Rxg5 36. Ke3 Ke7
37. Kf4 Kf6 38. h6 Bd7 39. h7 Rh8 {Polgar,J (2708)-Harikrishna,P (2668) Bilbao
2007 1/2-1/2}) (10. Nf3 {La grande ligne} Nc6 11. Qh5 (11. Nh4)) 10... Nc6 11.
Ne2 h5 $146 (11... Bd7 12. O-O O-O-O 13. Ng3 Nce7 14. Nh5 Rhg8 15. Qh3 Nc6 16.
a4 Rde8 17. g4 Nfe7 18. Ba3 Ng6 19. f4 Qd8 20. f5 exf5 21. gxf5 Nh4 22. Ng3 h5
23. Bxh5 Rh8 24. Rf4 g5 25. Rf2 g4 26. Qf1 Nf3+ 27. Rxf3 gxf3 28. Bxf7 Qh4 29.
Qf2 Nxe5 30. Bxe8 Ng4 31. Bxd7+ Kxd7 32. Qxf3 Qxh2+ 33. Kf1 Qh3+ 34. Ke1 Re8+
35. Kd1 Re4 36. f6 Ne3+ 37. Kc1 Qh2 38. Ne2 Nxc2 39. f7 Rxe2 40. Qxd5+ Kc7 41.
Bd6+ {Van Haastert,E (2440)-Rozentalis,E (2615) Bilbao 2014 1-0}) 12. Qh3 Bd7
13. Ng3 O-O-O 14. Nxf5 exf5 15. Qg3 h4 $132 16. Qf3 Qa5 17. O-O Rde8 (17...
Rdg8 {[%cal Gg7g5]} 18. Bg5) 18. a4 f6 19. Rb1 Nd8 20. exf6 1/2-1/2

[Event "POL-chT 66th"]
[Site "Katowice"]
[Date "2010.09.06"]
[Round "3"]
[White "Dragun, Kamil"]
[Black "Szoen, Dariusz"]
[Result "1-0"]
[WhiteElo "2392"]
[BlackElo "2448"]
[Annotator "RR"]
[PlyCount "37"]
[EventDate "2010.09.04"]
[EventType "team-tourn"]
[EventRounds "9"]
[EventCountry "POL"]
[SourceTitle "EXT 2016"]
[Source "ChessBase"]
[SourceDate "2015.10.08"]
[SourceVersion "1"]
[SourceVersionDate "2015.10.08"]
[SourceQuality "1"]
[WhiteTeam "Gorzow Wielkopolski"]
[BlackTeam "Lublin"]
[WhiteTeamCountry "POL"]
[BlackTeamCountry "POL"]

1. e4 e6 2. d4 d5 3. Nc3 Bb4 4. e5 c5 5. a3 Bxc3+ 6. bxc3 Qa5 7. Bd2 Qa4 8. Nf3
(8. Qb1) 8... b6 9. c4 $5 {Assez rarement joué} Nc6 $6 (9... Ba6 $142 $1 10.
cxd5 Bxf1 11. Kxf1 exd5 $132) 10. cxd5 exd5 $146 (10... Nxd4 11. Nxd4 Qxd4 12.
Bb5+ Kf8 $13 {Dolezal,C (2398)-Cubas,J (2411) Buenos Aires CGT 2003 (4.4) 1-0})
11. c4 Qxd1+ 12. Rxd1 Nxd4 13. Nxd4 cxd4 14. cxd5 $36 {[%csl Rd4,Gd5,Ge5] Les
Blancs ont le centre, la paire de B et un meilleur développement. La position
Noire est déjà très critique} Ne7 15. Bc4 Bb7 16. Bb5+ Kf8 17. Bb4 $40 {
[%csl Re7,Rf8][%cal Gb4f8,Gd5d6]} a5 $2 (17... Bxd5 {Un moindre mal mais il
sera difficile pour les Noirs de terminer le developpement sans pertes
matérielles} 18. Rxd4 Be6 19. O-O $32 {[%csl Rf8,Rh8]}) 18. Bd6 f6 19. Rc1 1-0

[Event "POL-chT 66th"]
[Site "Katowice"]
[Date "2010.09.12"]
[Round "9"]
[White "Warakomski, Tomasz"]
[Black "Szoen, Dariusz"]
[Result "1-0"]
[WhiteElo "2468"]
[BlackElo "2448"]
[Annotator "RR"]
[PlyCount "69"]
[EventDate "2010.09.04"]
[EventType "team-tourn"]
[EventRounds "9"]
[EventCountry "POL"]
[SourceTitle "EXT 2016"]
[Source "ChessBase"]
[SourceDate "2015.10.08"]
[SourceVersion "1"]
[SourceVersionDate "2015.10.08"]
[SourceQuality "1"]
[WhiteTeam "Wroclaw"]
[BlackTeam "Lublin"]
[WhiteTeamCountry "POL"]
[BlackTeamCountry "POL"]

1. e4 e6 2. d4 d5 3. Nc3 Bb4 4. e5 c5 5. a3 Bxc3+ 6. bxc3 Qa5 7. Bd2 Qa4 8. h4
(8. Qb1) 8... b6 {[%cal Gc8a6]} 9. h5 Ba6 10. Qg4 Kf8 11. h6 gxh6 12. Rh3 (12.
Rxh6 Nxh6 13. Bxh6+ Ke7 14. Qg7 Qe8 (14... Nc6 $4 15. Bg5+ Kd7 16. Qxf7+) 15.
Bg5+ (15. Nf3 Kd7 16. Ng5 Bxf1) 15... Kd7) 12... Qxc2 13. Ne2 Qe4 14. Qh5 Nc6
15. Rf3 $14 {[%csl Rf7]} Qg6 16. Qh4 Qe4 17. Rf4 Qc2 18. Rc1 $32 Qb2 {[%csl
Rb2] Non seulement les Noirs ont un retard de développement mais la Qb2 est
hors-jeu} 19. Qh5 Nd8 20. dxc5 bxc5 21. Nd4 $1 {[%cal Gf1a6,Gd4e6]} Qb6 22. c4
$3 cxd4 23. c5 Qc6 24. Bxa6 Qxa6 25. c6 $40 {[%csl Gc6][%cal Gd2b4,Gb4f8]} Ne7
26. Bb4 $5 (26. c7 {[%csl Rf7] Regagne du matériel mais Bb4 est plus joli})
26... Ke8 27. c7 Ng6 $6 (27... Ndc6 $142 $1 28. Rxc6 $1 Qxc6 (28... Nxc6 29.
Qxf7#) 29. Qxf7+ Kd7 30. Qxe7+ Kc8 31. Rf7 d3 (31... Qe8 32. Qf6) 32. f3 {
[%cal Ge1f2,Gf2g3]} a5 33. Bd6 Re8 (33... Qc1+ 34. Kf2 Qc2+ 35. Kg1 (35. Kg3
Rg8+) 35... Qc1+ 36. Kh2) 34. Rf8 Rxf8 35. Qxf8+ Kb7 36. Qb8+ $1 Ka6 $13) 28.
cxd8=Q+ Rxd8 29. Rc7 Rd7 30. Rxd7 Kxd7 31. Rxf7+ Kc8 32. Bd6 $1 {[%csl Gd6]
[%cal Gf7c7]} Qd3 33. Rc7+ Kd8 34. Qxh6 Qb1+ 35. Rc1 {[%csl Rh8] La Rh8 n'a
jamais eu le temps d'être développée} 1-0

[Event "Cappelle op 31st"]
[Site "Cappelle la Grande"]
[Date "2015.02.28"]
[Round "1"]
[White "Nilsson, Sebastian"]
[Black "Szabo, Gergely Andras"]
[Result "0-1"]
[WhiteElo "2321"]
[BlackElo "2543"]
[Annotator "RR"]
[PlyCount "40"]
[EventDate "2015.02.28"]
[EventType "swiss"]
[EventRounds "9"]
[EventCountry "FRA"]
[SourceTitle "EXT 2016"]
[Source "ChessBase"]
[SourceDate "2015.10.08"]
[SourceVersion "1"]
[SourceVersionDate "2015.10.08"]
[SourceQuality "1"]

1. e4 e6 2. d4 d5 3. Nc3 Bb4 4. e5 c5 5. a3 Bxc3+ 6. bxc3 Ne7 7. Qg4 Qc7 8.
Qxg7 (8. Bd3 c4 9. Be2 Nf5 10. Bd1 Nc6 11. Ne2 h5 12. Qh3 Bd7 13. Ng3 O-O-O 14.
Nxf5 exf5 15. Qg3 h4 16. Qf3 Qa5 17. O-O Rde8 18. a4 f6 19. Rb1 Nd8 20. exf6 {
1/2-1/2 (20) Gharamian,T (2651)-Szabo,G (2543) Cappelle la Grande 2015}) 8...
Rg8 9. Qxh7 cxd4 10. Kd1 dxc3 (10... Nbc6 11. Nf3 {La grande ligne}) 11. Nf3
Nbc6 12. Ng5 Rf8 13. f4 Bd7 14. Be2 $6 (14. Rb1 $142 Na5 15. Bd3 {Nilsson,S 
(2321)-Szabo,G (2543) Cappelle open 2015 (1) 0-1}) 14... Nd4 15. Bh5 $2 $146 (
15. Bd3 Ba4 16. Rb1 {Szieberth,A (2300)-Bodrogi,L (2130) Tapolca op Budapest
1997 (5) 0-1}) 15... Ba4 $19 {[%csl Rc2,Rd1]} 16. Bxf7+ Rxf7 17. Qxf7+ Kd7 18.
Be3 Qc4 19. Kc1 Qe2 20. Bxd4 Qxc2# 0-1

[Event "ESP-chT CECLUB Honor"]
[Site "Melilla"]
[Date "2011.11.25"]
[Round "6"]
[White "Salgado Lopez, Ivan"]
[Black "Rocha, Sergio MC"]
[Result "1-0"]
[WhiteElo "2621"]
[BlackElo "2410"]
[Annotator "RR"]
[PlyCount "103"]
[EventDate "2011.11.21"]
[EventType "team-tourn"]
[EventRounds "7"]
[EventCountry "ESP"]
[SourceTitle "CBM 146"]
[Source "ChessBase"]
[SourceDate "2012.01.18"]
[SourceVersion "1"]
[SourceVersionDate "2012.01.18"]
[SourceQuality "1"]
[WhiteTeam "Colegio Marcote EIKM"]
[BlackTeam "Linex Magic"]
[WhiteTeamCountry "ESP"]
[BlackTeamCountry "ESP"]

1. e4 e6 2. d4 d5 3. Nc3 Bb4 4. e5 c5 5. a3 Bxc3+ 6. bxc3 Ne7 7. Qg4 Qc7 8.
Qxg7 Rg8 9. Qxh7 cxd4 10. Qd3 Qxe5+ 11. Ne2 dxc3 12. Bf4 Qf6 13. Qxc3 Nd7 14.
Qxf6 Nxf6 15. Be5 Nd7 16. Bb2 f6 17. c4 Kf7 18. cxd5 Nxd5 19. Rc1 N7b6 20. Nc3
Bd7 21. Nxd5 Nxd5 22. h4 Bc6 23. Rh2 Rad8 24. g3 e5 25. h5 Rh8 26. Rh4 Rdg8 27.
Be2 Rg5 28. Rd1 Ke6 29. Bc1 Rgg8 30. Bc4 Rd8 31. f4 exf4 32. Bxf4 Kf5 33. Bc1
Nc3 34. Rf4+ Ke5 35. Rd3 Rxd3 36. Bxd3 Nd5 37. Rh4 Ne7 38. h6 Ke6 39. Rg4 Nf5
40. Rg6 Be8 {[%tqu "En","","","","g6g8","",10]} 41. Rg8 $3 Rxg8 42. Bc4+ Ke7
43. Bxg8 Kf8 44. h7 Kg7 45. Bb2 Kh8 46. Bxf6+ Ng7 47. Bd4 $2 (47. g4 Bg6 48. g5
$18) 47... b6 48. Kd2 Bg6 49. Kc3 Bxh7 50. Bxh7 Kxh7 51. Bxg7 Kxg7 52. Kc4 1-0